| 000 | 00659nam a22002057a 4500 | ||
|---|---|---|---|
| 003 | NUST | ||
| 005 | 20230117125601.0 | ||
| 008 | 190715b ||||| |||| 00| 0 eng d | ||
| 038 | _aZahoor | ||
| 082 | _a530 | ||
| 100 |
_aZahra, Syedah Afsheen _917621 |
||
| 245 |
_aDeposition Characterization and Optical Properties of Ge-Cds Hybrid Thin Films / _cSyedah Afsheen Zahra |
||
| 260 |
_aIslamabad : _bSNS - NUST, _c2016. |
||
| 300 |
_axi, 74 p. : ill. ; _c30cm. |
||
| 500 | _aHardcover. | ||
| 650 |
_aPhysics - M.Phil Thesis _916472 |
||
| 700 |
_aDr. Faheem Amin _916480 |
||
| 856 | _uhttp://10.250.8.41:8080/xmlui/handle/123456789/4315 | ||
| 942 |
_2ddc _cTHE |
||
| 999 |
_c526628 _d526628 |
||